00429nam a2200121 i 4500001000300000100003400003245009400037260002100131040000800152041000800160008004100168856009800209bg1 aSawicki, Kazimierzd(1926- ).10aRachunkowość przedsiębiorstw transportu samochodowego.nCz. 1 /cKazimierz Sawicki. aSzczecin,c1973. cBPK apol s pl f |000 0 pol  uhttp://koha.tu.koszalin.pl/cgi-bin/koha/opac-detail.pl?biblionumber=26003yKatalog online BPK